2.2 company law

Bibliographic Details
Corporate Author: Brierley Price Prior Limited (Author)
Format: Book
Language:English
Published: London : Brierley Price Prior , c1982
Edition:Rev ed
Subjects:

MARC

LEADER 00000cam a2200000 7i4500
001 0000002406
005 20160413093000.0
008 150323s1982 enk eng
020 |a 0862770173 
050 0 0 |a d13 KD2857.Z9   |b B72 1982 r 
090 0 0 |a d13 KD2857.Z9   |b B72 1982 r 
110 0 |a Brierley Price Prior Limited   |e author 
245 0 0 |a 2.2 company law 
250 |a Rev ed 
260 |a London :   |b Brierley Price Prior ,   |c c1982 
300 |a i, 280 p. :   |b ill. ;   |c 29 cm. 
650 0 |a Corporation law   |z Great Britain 
999 |a 1000037361   |b Book   |c Reference   |e Gong Badak Campus